书目信息 |
| 题名: |
秦汉史话
|
|
| 作者: | 潘国基 著 | |
| 分册: | ||
| 出版信息: | 北京 中国国际广播出版社 2007 |
|
| 页数: | 328页 | |
| 开本: | 23cm | |
| 丛书名: | ||
| 单 册: | ||
| 中图分类: | K232.09 | |
| 科图分类: | ||
| 主题词: | 秦汉时代--历史--通俗读物 | |
| 电子资源: | ||
| ISBN: | 978-7-5078-2764-4 | |
| 000 | 00700n|m0 2200217 450 | |
| 001 | 1575074836 | |
| 005 | 20150116205151.82 | |
| 010 | @a978-7-5078-2764-4@dCNY26.00 | |
| 100 | @a20070327d2007 em y0chiy50 ea | |
| 101 | 0 | @achi |
| 102 | @aCN@b110000 | |
| 105 | @aa z 000yy | |
| 200 | 1 | @a秦汉史话@9qin han shi hua@f潘国基著 |
| 210 | @a北京@c中国国际广播出版社@d2007 | |
| 215 | @a328页@c图,地图@d23cm | |
| 330 | @a本书详细介绍了秦汉时期的重大事件、经济发展、民族关系、中外交流、社会生活、哲学思想、文学艺术、科技发展等。 | |
| 606 | 0 | @a秦汉时代@x历史@j通俗读物 |
| 690 | @aK232.09@v5 | |
| 701 | 0 | @a潘国基@9pan guo ji@f(1937~)@4著 |
| 801 | 0 | @aCN@bTSSF@c20150115 |
| 905 | @aZUCC@dK232.09@eJY90 | |
| 秦汉史话/潘国基著.-北京:中国国际广播出版社,2007 |
| 328页:图,地图;23cm |
| ISBN 978-7-5078-2764-4:CNY26.00 |
| 本书详细介绍了秦汉时期的重大事件、经济发展、民族关系、中外交流、社会生活、哲学思想、文学艺术、科技发展等。 |
| ● |
| 相关链接 |
|
|
|
|
正题名:秦汉史话
索取号:K232.09/JY90
 
预约/预借
| 序号 | 登录号 | 条形码 | 馆藏地/架位号 | 状态 | 备注 |
| 1 | 7842051 | 278420512 | 学院路分馆/ [索取号:K232.09/JY90] | 在馆 | |
| 2 | 7842052 | 278420521 | 学院路分馆/ [索取号:K232.09/JY90] | 在馆 |